| 000 | 00699nam a2200265Ia 4500 | ||
|---|---|---|---|
| 003 | OSt | ||
| 005 | 20220927110758.0 | ||
| 006 | a|||||r|||| 00| 0 | ||
| 007 | ta | ||
| 008 | 220926b |||||||| |||| 00| 0 eng d | ||
| 024 | _a88024 | ||
| 037 | _cReports | ||
| 040 |
_aRTL _cRTL _beng |
||
| 041 |
_2eng _aeng |
||
| 082 | _a"X9(HZ).82s, L3/GD" | ||
| 110 |
_a"New South Wales, Mines (Deptt-)" _9380237 |
||
| 245 | 0 | _aStatistical supplement to the annual report | |
| 260 | _c1972 | ||
| 300 |
_a78p. _ccm. |
||
| 490 | _v1972-73 | ||
| 650 | _aMinings | ||
| 700 |
_a"New South Wales, Mines (Deptt-)" _9380238 |
||
| 942 |
_h"X9(HZ).82s, L3/GD" _cCC |
||
| 999 |
_c697890 _d697890 |
||